000 00622nam a2200193 i 4500
001 34222
003 ES-MaACL
005 20250129092357.0
007 t|
008 030204s1948 sp ||||1| spa d
100 1 _aBlanco Soler, C.,
_d1894-1962
_929295
245 1 0 _aComilones y sedientos /
_cpor Carlos Blanco Soler.
260 _aMadrid :
_bPlus Ultra,
_c[1948] (
_fAldus)
300 _a236 p., 16 lám. :
_bil. ;
_c19 cm.
490 1 _aColección La sabiduría del hogar
830 0 _aColección La sabiduría del hogar
_9227271
852 _aES-MaACL
_jC-5600
_bR.26030
999 _c34222
_d34222